• 首页
  • 本馆介绍
  • 公告通知
  • 最新文献
  • 馆藏检索
  • 电子资源
  • 读者导购
  • 参考咨询
  • 我的图书馆
  • 登录
  • 详细信息显示
  • 放入我的书架
  • 预约/预借图书
  • 作者相关作品
  • 分类相关作品
  • 丛书相关作品
  • 出版社相关作品

书目信息

  • 表格格式
  • 工作单格式
  • 卡片格式
题名:
泰国简史
    
 
作者: ;中山大学东南亚历史研究所 编
分册:  
出版信息: 北京   商务印书馆  1984
页数: 113页
开本: 19cm
丛书名:
单 册:
中图分类: K336.0
科图分类:
主题词: 历史--泰国
电子资源:
ISBN:
000 00698nam0 2200241 45
001 0184001874
005 20040512091554.9
010    @dCNY0.40
100    @a19951106d1984 em y0chiy0121 ea
101 0  @achi
102    @aCN@b110000
105    @ay z 000yy
106    @ar
200 10 @a泰国简史@Atai guo jian shi@f中山大学东南亚历史研究所《泰国简史》编写组编
210    @a北京@c商务印书馆@d1984
215    @a113页@d19cm
606    @a历史@y泰国
607    @a泰国@x历史
690    @aK336.0@v3
711 02 @a中山大学东南亚历史研究所@4编@Azhong shan dai xue dong nan ya li shi yan jiu suo
801  0 @aCN@b深圳图书馆@c20040512
801  2 @aCN@bNLC@c20040512
905    @f2@b131122-123@dK336.0@e1
    
    泰国简史/中山大学东南亚历史研究所《泰国简史》编写组编.-北京:商务印书馆,1984
    113页;19cm
    
    
    ISBN :CNY0.40
    
●
相关链接 在E读中查询图书 在五车中查询图书 在当当中查询图书 在豆瓣中查询图书


正题名:泰国简史     索取号:K336.0/1         预约/预借

序号 登录号 条形码 馆藏地/架位号 状态 备注
1 0131122   000359775   第二借阅区/ [索取号:K336.0/1] 在馆    
2 0131123   000359846   第二借阅区/ [索取号:K336.0/1] 在馆    
3 0131124   000359784   第二样本阅览室/ [索取号:K336.0/1] 在馆    
唐山师范学院图书馆 欢迎您!
大连网信软件有限公司© 版权所有